| 000 | 00347nam a2200145 a 4500 | ||
|---|---|---|---|
| 001 | 1690 | ||
| 003 | CDMR | ||
| 005 | 20130116135213.0 | ||
| 008 | 130130s1968||||||||||||||||||||||||||||d | ||
| 040 |
_aCDMR _bcat _cCDMR |
||
| 100 | 1 |
_aCuyas, Arturo _91258 |
|
| 245 | 1 | 0 | _aInglés-español. Español-inglés |
| 260 |
_aBarcelona _c1968 _bHymsa |
||
| 942 | _cMON | ||
| 999 |
_c1690 _d1690 |
||